000 00581nam a2200169 4500
001 144008
003 ES-MaACL
005 20230906200926.0
007 t|
008 070214s1972 sp r ||||1| spa d
100 1 _aSimón Cabarga, José.
_9106542
245 1 0 _aSantander, en el siglo de los pronunciamientos y las guerras civiles /
_cJosé Simón Cabarga.
260 _aSantander :
_bInstitución Cultural de Cantabria,
_c1972 (
_fResma)
300 _a440 p., 29 lám. ;
_c21 cm.
710 2 _aInstitución Cultural de Cantabria.
_94712
852 _aES-MaACL
_jC-45081
_bR.83842
999 _c144008
_d144008